| 000 | 01002cam a22002771a 4500 | ||
|---|---|---|---|
| 001 | agr41000544 | ||
| 003 | DLC | ||
| 005 | 20260227111000.0 | ||
| 008 | 810223s1941 dcuab f000 0 eng c | ||
| 010 | _aagr41000544 | ||
| 035 | _a(OCoLC)7146517 | ||
| 040 |
_aU.S. Dept. of Agr. Lib. _cNSbSU _dNSbSU _dDNAL _dDLC |
||
| 043 | _an-us--- | ||
| 050 | 0 | 0 |
_aS21 _b.A46 no. 448 |
| 051 |
_aS623 _b.R86 |
||
| 070 | 0 |
_a1 _bAg84M no.448 |
|
| 072 | 0 | _aJ800 | |
| 100 | 1 |
_aRule, Glenn K. _q(Glenn Kenton), _d1893- |
|
| 245 | 1 | 0 |
_aSoil conservation districts in action on the land / _cby Glenn K. Rule. |
| 260 |
_aWashington, D.C. : _bU.S. Dept. of Agriculture, _c1941. |
||
| 300 |
_a25 p. : _bill., maps ; _c27 cm. |
||
| 490 | 1 |
_aMiscellaneous publication / United States Department of Agriculture ; _vno. 448 |
|
| 500 | _aContribution from Soil Conservation Service. | ||
| 650 | 0 |
_aSoil conservation _zUnited States. |
|
| 830 | 0 |
_aMiscellaneous publication (United States. Department of Agriculture) ; _vno. 448. |
|
| 999 |
_c10146 _d10146 |
||